Rilke

Gespeichert in:
Bibliographische Detailangaben
1. Verfasser: Bollnow, Otto F.
Format: Buch
Sprache:Undetermined
Veröffentlicht: Madrid, España Taurus Ediciones 1963
Schlagworte:
Tags: Tag hinzufügen
Keine Tags, Fügen Sie den ersten Tag hinzu!

MARC

LEADER 00000nam a2200000Ia 4500
008 170316s9999 xx 000 0 und d
040 |a cru BVZT 
090 |a 830 B-11r 
100 |a Bollnow, Otto F. 
245 |a Rilke 
260 |a Madrid, España 
260 |b Taurus Ediciones 
260 |c 1963 
300 |a 536 páginas 
650 |a LITERATURA ALEMANA 
999 |c 7286  |d 7286 
942 |c 15 D  |h 830 B-11r  |2 z